000 01189nam a2200217Ia 4500
999 _c41032
_d41032
003 OSt
005 20201001124552.0
008 160316s2015 xxu||||| |||| 00| 0 eng d
020 _a9780198738091
040 _cnls
082 _a364.941000
_bGRO
100 _aGross Hyman
245 _aCrime and punishment : A concise moral critique
260 _aOxford
_bOxford University Press
_c2015
300 _a219p
_cxi
365 _b Rs. 1,737
505 _aTable of contents Preface ; Introduction ; 1. Crime and Impunity ; 2. Sufficiently Good Reason ; 3. Taking Human Rights Seriously ; 4. Crimes as Pretexts for Improvement ; 5. Crimes as Demands for a Remedy ; 6. Punishment and Injustice ; 7. Crime, Harm, and Moral Wrong ; 8. Criminal Conduct and Its Culpability ; 9. More About Culpability ; 10. Psychoculpability ; 11. Persons and Choices ; 12. Consoling Fictions ; 13. Guilt and Convictability ; 14. The Decline of Punishment ; Postscript: Reconceiving Response to Crime ; Notes ; Some Further References
650 _a1. Punishment - Moral & Ethical Aspects - U S A - U K 2. Criminal Justice - Administration Of 3. Punishment - Philosophy
700 _a
_a
942 _2ddc
_cBK